|
|
|
|
| LEADER |
00924naa a2200253 i 4500 |
| 001 |
publ23151 |
| 005 |
20220110122739.0 |
| 008 |
220110s2021 hu o 0|| Angol d |
| 020 |
|
|
|a 9781665413800
|
| 024 |
7 |
|
|a 10.1109/SISY52375.2021.9582504
|2 doi
|
| 024 |
7 |
|
|a 32471698
|2 mtmt
|
| 040 |
|
|
|a SZTE Publicatio Repozitórium
|b hun
|
| 041 |
|
|
|a Angol
|
| 100 |
1 |
|
|a Csik Dominik
|
| 245 |
1 |
0 |
|a Inertial sensor-based outdoor terrain classification for wheeled mobile robots
|h [elektronikus dokumentum] /
|c Csik Dominik
|
| 260 |
|
|
|a IEEE
|c 2021
|
| 300 |
|
|
|a 6
|
| 300 |
|
|
|a 159-164
|
| 490 |
0 |
|
|a 2021 IEEE 19th International Symposium on Intelligent Systems and Informatics (SISY)
|
| 650 |
|
4 |
|a Villamosmérnöki és informatikai tudományok
|
| 700 |
0 |
1 |
|a Odry Ákos
|e aut
|
| 700 |
0 |
1 |
|a Sárosi József
|e aut
|
| 700 |
0 |
1 |
|a Sarcevic Péter
|e aut
|
| 856 |
4 |
0 |
|u http://publicatio.bibl.u-szeged.hu/23151/1/repo_SISY2021.pdf
|z Dokumentum-elérés
|